Statistics for Countries With The Least Political Stability

Click here to take the quiz!

General Stats

  • This quiz has been taken 33 times
  • The average score is 37 of 50

Answer Stats

ScoreCountry% Correct
-2.59Somalia
96%
-2.68Afghanistan
93%
-2.40Iraq
93%
-1.64Niger
89%
-1.77Nigeria
89%
-1.34Chad
86%
-1.62DR Congo
86%
-1.99Ethiopia
86%
-1.62Iran
86%
-1.84Pakistan
86%
-2.66Syria
86%
-1.49Venezuela
86%
-2.53Yemen
86%
-2.10Central African Republic
82%
-1.03Egypt
82%
-2.07Sudan
82%
-0.70India
79%
-1.53Lebanon
79%
-2.37Libya
79%
-1.23Mozambique
79%
-2.08Myanmar
79%
-0.77Russia
79%
-1.09Zimbabwe
79%
-1.07Eritrea
75%
-0.93Uganda
75%
-1.61Ukraine
75%
-1.68Burkina Faso
71%
-1.36Burundi
71%
-0.80Djibouti
71%
-1.01Guinea
71%
-2.35Mali
71%
-0.86Armenia
68%
-1.41Cameroon
68%
-1.15Haiti
68%
-1.12Kenya
68%
-0.84Angola
64%
-0.65Nicaragua
64%
-1.02Bangladesh
61%
-0.85Belarus
61%
-0.97Ivory Coast
61%
-0.71Madagascar
61%
-0.71Mauritania
61%
-0.74South Africa
61%
-0.88Togo
61%
-0.91Azerbaijan
57%
-1.10Israel
57%
-0.68Tajikistan
54%
-0.72Tunisia
54%
-0.97Philippines
50%
-0.95Papua New Guinea
46%

Score Distribution

Percentile by Number Answered

Percent of People with Each Score

Your Score History

You have not taken this quiz